000 00776nam a2200205Ii 4500
003 JO-AjNU
008 230605s9999||||xx |||||||||||||| ||und||
040 _aJO-AjNU
_bara
_erda
_cJO-AjNU
041 _aara
050 1 4 _aBP173.758.A265 2015
100 3 _aالعاني، أسامة عبد المجيد,
_eauthor
_951775
245 0 0 _aالمصارف الإسلامية ودورها في التنمية البشرية
250 _aط1
264 3 1 _aبيروت: شركة دار البشائر الاسلامية، 2015
300 _a380ص
336 _atext
_btxt
_2rdacontent
337 _aunmediated
_bn
_2rdamedia
338 _avolume
_bnc
_2rdacarrier
650 4 _aالاقتصاد الاسلامي- البنوك الاسلامية- التنمية البشرية
_951776
999 _aA22896
_c26464
_d26464